La Torre-Nueva de Zaragoza (Record no. 88572)

MARC details
000 -LEADER
campo de control de longitud fija 00784nam a2200193 i 4500
001 - NÚMERO DE CONTROL
campo de control 88572
003 - IDENTIFICADOR DE NÚMERO DE CONTROL
campo de control ES-MaACL
005 - FECHA Y HORA DE LA ÚLTIMA TRANSACCIÓN
campo de control 20251003063114.0
007 - CAMPO FIJO DE DESCRIPCIÓN FÍSICA--INFORMACIÓN GENERAL
campo de control de longitud fija t|
008 - DATOS DE LONGITUD FIJA--INFORMACIÓN GENERAL
campo de control de longitud fija 050105s1913 sp af |||| | spa d
100 1# - ENTRADA PRINCIPAL--NOMBRE DE PERSONA
Nombre de persona Lampérez y Romea, Vicente,
Fechas asociadas al nombre 1861-1923
9 (RLIN) 128639
245 13 - MENCIÓN DEL TÍTULO
Título La Torre-Nueva de Zaragoza
Resto del título : conferencia publicada en la revista "Arte aragonés", Zaragoza, 1913 /
Mención de responsabilidad, etc. Vicente Lampérez y Romea.
260 ## - PUBLICACIÓN, DISTRIBUCIÓN, ETC.
Lugar de publicación, distribución, etc. Zaragoza :
Nombre del editor, distribuidor, etc. [s.n.],
Fecha de publicación, distribución, etc. 1913.
300 ## - DESCRIPCIÓN FÍSICA
Extensión [16] p., [1] h. de lám. :
Otras características físicas il. ;
Dimensiones 24 cm.
500 ## - NOTA GENERAL
Nota general Conferencia dada en el Ateneo de esta ciudad, para conmemorar el IV Centenario de la construcción del monumento, el 19 de abril de 1913.
610 24 - PUNTO DE ACCESO ADICIONAL DE MATERIA--NOMBRE DE ENTIDAD CORPORATIVA
Nombre de entidad corporativa o nombre de jurisdicción como elemento de entrada Torre Nueva (Zaragoza)
9 (RLIN) 169633
852 ## - LOCALIZACIÓN
Ubicación ES-MaACL
Número de control de estantería T-1398-F-4
Holdings
Estatus retirado Estado de pérdida Estado de daño No para préstamo Colección Biblioteca de origen Biblioteca actual Ubicación en estantería Fecha de adquisición Fuente de adquisición Total de préstamos Signatura topográfica completa Código de barras Visto por última vez Precio de reemplazo Tipo de ítem Koha
        Colección de folletos Biblioteca del Ateneo de Madrid Biblioteca del Ateneo de Madrid Depósito folletos 17/01/2008     T-1398-F-4 1092518 23/02/2023 23/02/2023 Folleto